| 000 | 01326nam a22001697a 4500 | ||
|---|---|---|---|
| 008 | 190801b xxu||||| |||| 00| 0 eng d | ||
| 020 | _a9781455702961 | ||
| 050 | _aRM101.C66 | ||
| 100 | _aBope, Edward T. | ||
| 245 |
_aConn's current therapy 2014. / _cEdward T. Bope and Rick D Kellerman. |
||
| 260 |
_aNew York : _bElsevier Saunders, _c2014. |
||
| 300 |
_axxxiii, 1308 p. : _bill. ; _c28 cm. |
||
| 500 | _aIncludes appendices and index . | ||
| 505 | _aContents: Section 1: Symptomatic care pending diagnosis -- Section 2: Diseases of allergy -- Section 3: The infectious diseases -- Section 4: Diseases of the skin -- Section 5: Diseases of the head and neck -- Section 6: The respiratory system -- Section 7: The cardiovascular system -- Section 8: The digestive system -- Section 9: Rheumatology and musculoskeletal system -- Section 10: The nervous system -- Section 11: Endocrine and metabolic disorders -- Section 12: Hematology -- Section 13: The Urogenital tract -- Section 14: The sexually transmitted diseases -- Section 15: Psychiatric disorder -- Section 16: Men's Health -- Section 17: Women's health -- Section 18: Pregnancy and antepartum care -- Section 19: Children's health -- Section 20: Preventive health -- Section 21: Physical and chemical injuries. | ||
| 700 | _aKellerman, Rick D. | ||
| 942 |
_2lcc _cBK |
||
| 999 |
_c6841 _d14341 |
||